000 01157nam a22002657a 4500
005 20240530110615.0
008 161129s2015 ua ak g b 000 0 ara d
017 _a20551
_bمصر . دار الكتب المصرية
020 _a9789774103958
040 _aEG-CaGPL
082 0 4 _221
_a361.1\
_bن أ
100 0 _aنعيم عبدالوهاب شلبي
245 1 0 _aادارة الضغوط الحياتية من منظور اجتماعي معاصر =
_b" life streemangent " contemporary social perspective /
_cنعيم عبدالوهاب شلبي
246 1 0 _a" life streemangent " contemporary social perspective
250 _aط. 1
260 _aالمنصورة :
_bالمكتبة العصرية للنشر والتوزيع ،
_c2015
300 _a206 ص. :
_bجداول ، اشكال ؛
_c24 سم .
504 _aببليوجرافية : ص 189 - 206
650 0 7 _2qrmak
_aالضغط الاجتماعى
650 0 7 _2qrmak
_aالمشاكل الاجتماعية
650 0 7 _2qrmak
_aالمعوقون
650 0 7 _2qrmak
_aالمعوقون
_xرعاية وعلاج
942 _2ddc
_cBK
999 _c62948
_d62948